Т. 2: Электронные приборы; Техническая электроника

Podrobná bibliografie
Parent link:Техническая электроника: Курс лекций в 2-х т. : Пер. с нем./ М. Кноль, И. Эйхмейер. Т. 2: Электронные приборы.— , 1971-
Jazyk:ruština
Vydáno: 1971
Témata:
Médium: MixedMaterials Kniha
KOHA link:https://koha.lib.tpu.ru/cgi-bin/koha/opac-detail.pl?biblionumber=38114

MARC

LEADER 00000nam2a2200000 4500
001 38114
005 20231031005022.0
035 |a (RuTPU)RU\TPU\book\38734 
090 |a 38114 
100 |a 20020219d1971 m y0rusy50 ca 
101 1 |a rus  |c ger 
102 |a RU 
105 |a a j 001zy 
200 0 |a Т. 2: Электронные приборы 
210 |d 1971 
215 |a 456 с.  |c черт. 
320 |a Библиогр. в конце частей 
320 |a Алф. указ.: с. 435-450 
461 1 |0 (RuTPU)RU\TPU\book\38731  |t Техническая электроника  |o Курс лекций в 2-х т. : Пер. с нем.  |f М. Кноль, И. Эйхмейер  |v Т. 2: Электронные приборы  |d 1971- 
610 1 |a электронные приборы 
610 1 |a техническая электроника 
610 1 |a газоразрядные двухэлектродные приборы 
610 1 |a вакуумные триоды 
610 1 |a многоэлектродные полупроводниковые приборы 
610 1 |a лазеры 
610 1 |a электронные линзы 
610 1 |a иммерсионные системы 
610 1 |a электроннооптические приборы 
610 1 |a лекции 
675 |a 621.385.11(075.8)  |v 3 
801 1 |a RU  |b 63413507  |c 20020219  |g PSBO 
801 2 |a RU  |b 63413507  |c 20210901  |g PSBO 
942 |c BK